000 01265nam a22002897a 4500
003 OSt
005 20230208095754.0
007 cr ||||||a|c|a
008 230203s2021 mx a|||fom||| 001 0 spa d
040 _erda
100 1 _9186099
_aRodríguez García, María Teresa
245 1 _aEstimación de la producción anual de contaminación difusa en la subcuenca del Río Yaqui-Vícam /
_cpor María Teresa Rodríguez García; director de tesis Sofia E. Garrido Hoyos.
264 1 _aChapingo, México :
_bEl autor,
_c2021.
300 _a1 recurso en línea (187 páginas).
336 _2rdacontent
_atexto
_btxt
337 _2rdamedia
_acomputadora
_bc
338 _2rdacarrier
_arecurso en línea
_bcr
502 _bII
_cIrrigación
_d2021.
_gLIC
504 _aIncluye referencias bibliográficas: páginas 135-145.
650 4 _9132177
_aCuencas hidrológicas
_xSedimentación
650 4 _9157458
_aRíos
_xContaminación del agua
650 4 _9110327
_aSuelos
_xContaminación
650 2 _9133075
_aEscurrimientos
_xMedición
700 1 _9186148
_aGarrido Hoyos, Sofía Esperanza
_eDirector de tesis.
856 _uhttp://10.13.5.2/tesis/tl/2021_IR_Rodriguez_Garcia_MariaTeresa.pdf
_zDESCARGAR PDF
942 _2Clasificación Universidad Autónoma Chapingo
_cTD
999 _c218240
_d218240